Historia legal de la jurisdicción contencioso administrativa 1845-1998

Сохранить в:
Библиографические подробности
Главный автор: Fernández Torres, Juan Ramón (Автор)
Формат:
Язык:испанский
Опубликовано: Madrid Iustel 2007
Редактирование:1a. ed
Предметы:
Метки: Добавить метку
Нет меток, Требуется 1-ая метка записи!

MARC

LEADER 00000nam a2200000 a 4500
001 UCI3842
003 CL-VaPUC
008 071130e20070000SP |||||||||||||||||spa|d
020 |a 9788496717176 
082 0 4 |a 342.066  |b FER  |2 21 
100 0 |a Fernández Torres, Juan Ramón  |e author  |9 525381 
245 1 0 |a Historia legal de la jurisdicción contencioso administrativa 1845-1998 
250 |a 1a. ed 
300 |a 919 p 
942 |c BK 
945 |d 20071130 00:00:00  |a jtorresc 
260 |a Madrid  |b Iustel  |c 2007 
650 0 |a Derecho administrativo  |9 254851 
650 0 |a Jurisprudencia  |9 255952 
650 0 |a Recurso contencioso administrativo  |9 255491 
583 |a last modification  |c 20071130 00:00:00  |k Rodrigo Vera 
999 |c 327903  |d 327901 
952 |0 0  |1 0  |4 0  |6 342_066000000000000_FER_2007  |7 0  |8 A  |9 411441  |a BIBDER  |b BIBDER  |d 2019-11-22  |i 4392302  |l 1  |o 342.066 FER 2007  |p 4392302  |r 2023-01-25  |s 2022-06-17  |w 2019-11-22  |y BK  |k DER